000 00896nam a22002657a 4500
001 200427384
999 _c200427384
_d45308
003 TR-AnTOB
005 20250812152358.0
008 171001b xxu||||| |||| 00| 0 tur d
020 _a9789758962587
040 _aTR-AnTOB
_beng
_cTR-AnTOB
_erda
041 _atur
050 _aHC493.B87
_b.K39 2008
090 _aHC493
_b.K39 2008
100 _aSubaşı, Muhsin İlyas
_9118023
245 _a40. Yılında Kayseri OSB :
_bTicaret Şehrinden Sanayi Şehrine Geçişin Hikayesi /
_cMuhsin İlyas Subaşı.
264 _aİstanbul :
_bKayseri Oragnize Sanayi Bölgesi Müdürlüğü,
_c2017.
300 _a632 pages :
_billustrations ;
_c30 cm.
336 _2rdacontent
_atext
_btxt
337 _2rdamedia
_aunmediated
_bn
338 _2rdacarrier
_avolume
_bnc
651 0 _aKayseri İli (Turkey)
_xEconomic conditions
_964298
942 _2lcc
_cBK